00677nam a2200145 a 4500008004100000050001800041100002400059245004700083260005100130300002000181350000900201995015200210995015200362999001700514120416s1985 ||||||||||||||||| || u aHG 186.G7 Pea aPeasnell, Kenneth V10aBritish financial markets and institutions aEnglewood Cliffs, N.J.bFT Prentice-Hallc1985 axv, 240p. : ill a0.00 aMAIN LIBRARY OPEN ACCESSD0.00e708551FCBU-MAIN LIBRARY (Kitwe)H1I9.95jHG 186.G7 PeaM2UAVAILABLEy021799ZMain Library Open Access Collection aMAIN LIBRARY OPEN ACCESSD0.00e708552FCBU-MAIN LIBRARY (Kitwe)H2I9.95jHG 186.G7 PeaM1UAVAILABLEy007343ZMain Library Open Access Collection c78868d78868